Quizzes
Events
Quiz Creation
Community
Videos
Private Events
Remove Ads
Sign In
Join for FREE
Feedback
Dark Mode
Quiz Categories
Sports
Geography
Music
Movies
Television
Just For Fun
Miscellaneous
History
Literature
Language
Science
Gaming
Entertainment
Religion
Holiday
For Kids
Quiz Lab
Recent
Popular Today
Quiz Kudos Today
Editor Picks
Curator Picks
Quizzes by...
Day
Popularity
Type
Ratings
Length
Year
Community
Subscriptions
Recent Discussions
Orange Saloon
Badges
Playlists
Quests
Create
Leaderboards
Showdown
Live 5
Trivia Bingo
Activity
Puzzle Library
Sporcle Events
Private Events
Virtual Trivia
Globe League
Become a Host
Pub Owners
SporcleCon
Opinionation
Our Games
Videos
Blog
Mobile Apps
Partnerships
Remove Ads and Go Orange
Feedback
Television
TV Characters
TV Show
Sitcom
Network
Friends
Reality Shows
Cast
South Park
Star Trek
The Simpsons
Doctor Who
Television
TV Characters
TV Show
Sitcom
Network
Friends
Reality Shows
Cast
South Park
Star Trek
The Simpsons
Doctor Who
Random Quiz
Search Sporcle
×
Quiz Lab
Quiz Lab
Television
Clickable
Select answers by clicking on text or image buttons
Select answers by clicking on text or image buttons
Clickable
Best Score? Go Orange.
Name the Heroes Actors Stats
Can you click the Heroes actor from the character?
By
ZariiaGrint
8m
48 Questions
45 Plays
45 Plays
45 Plays
Comments
Comments
Give Quiz Kudos
Give Quiz Kudos
-
- Ratings
hide this ad
Forced Order
Answers have to be entered in order
Answers have to be entered in order
Replay
Link that replays current quiz
Next Quiz
Link to next quiz in quiz playlist
You Got
0%
They Got
Avg Score
45%
Avg Friend Score
Upgrade to see
Score Distribution
Jump to the score distribution portion of the page
Score
0/48
Timer
08:00
0
Plays Today
% Correct
Milo Ventimiglia
86.7%
Zachary Quinto
86.7%
Hayden Panettiere
82.2%
Ali Larter
82.2%
Masi Oka
82.2%
Ali Larter
80%
Kristen Bell
77.8%
Greg Grunberg
75.6%
Adrian Pasdar
73.3%
Jack Coleman
71.1%
Sendhil Ramamurthy
64.4%
George Takei
62.2%
Noah Gray-Cabey
60%
Santiago Cabrera
55.6%
Malcolm McDowell
55.6%
James Kyson-Lee
53.3%
Christine Rose
53.3%
Leonard Roberts
48.9%
Tawny Cypress
46.7%
Ashley Crow
46.7%
David Anders
42.2%
Dania Ramirez
40%
Jimmy John-Louis
37.8%
Jessalyn Gilsig
37.8%
% Correct
Stephen Tobolowsky
37.8%
Brea Grant
35.6%
Robert Knepper
33.3%
Dana Davis
33.3%
Randall Bentley
33.3%
Jayma Mays
33.3%
Blake Shields
33.3%
Robert Forster
31.1%
Zeljko Ivanek
31.1%
Adair Tishler
31.1%
Nicholas D'Agosto
28.9%
Matthew John Armstrong
26.7%
Saemi Nakamura
26.7%
Missy Peregrym
26.7%
Nora Zehetner
24.4%
Deanne Bray
24.4%
Shalim Ortiz
24.4%
Ray Park
24.4%
Madeline Zima
24.4%
Eriko Tamura
24.4%
David H. Lawrence XVII
22.2%
Lisa Lackey
17.8%
Dawn Olivieri
17.8%
Erick Averi
13.3%
Quiz Playlist
Details
Report
Send in Message
Add To Playlist
Clickable:
Select answers by clicking on text or image buttons
Forced Order:
Answers have to be entered in order
Last Updated: Aug 18, 2018
Quiz Scoreboard
CHALLENGE
Sign Up to Join the Scoreboard
Show All
Scores
Hide
Comments
May contain spoilers
Recently Published
Billboard Blitz: Fleetwood Mac
by CooCooCachoo
Music
15s
Presidents Visiting Landmarks
by Hejman
History
7m
An Introduction to Baseball
by treessimontrees
Sports
5m
More to Explore
Quiz From the Vault
Featured Blog Post
Where Did the Easter Bunny Come From?
hide this ad
You Might Also Like...
Tags
Actor Quiz
Clickable Quiz
TV Characters Quiz
TV Show Quiz
Character
Here
Heroes
Super Powers
Today's Top Quizzes in Television
Browse Television
hide this ad
Today's Top Quizzes in Clickable
Browse Clickable
Top Contributed Quizzes in Television
1
5-to-1: The Simpsons Families
2
5-to-1: Television Doctors
3
7-to-1: TV Show Settings
4
One Piece Logic Puzzle
5
5-to-1: Streaming Originals
6
Survivor Seasons
7
Survivor Logic Puzzle: Heroes vs. Villains
8
TV Shows by First Names
9
Survivor Season by Logo
10
Survivor Trivia
Explore More
Trending Topics
Anime
Disney
Harry Potter
Marvel
NBA
Crossword
Kpop
WWE
NFL
Soccer
Puzzle
Song
The Office
Pokémon
Country
hide this ad
More By:
ZariiaGrint
Quiz
Plays
Rating
Category
Featured
Created
Actor Names in Movie Titles
33,859
4.57
Movies
Aug 4, 2018
Actors First Name Movie Match
22,130
4.55
Movies
Jul 30, 2018
Emma Stone or Emma Watson
17,446
4.52
Movies
Apr 9, 2019
Click the Acting Pairs
13,184
3.77
Movies
Mar 1, 2020
Movie Actor Threesomes
9,452
4.26
Movies
Jul 13, 2018
Go to Creator's Profile
Score Distribution
Quiz Creator Spotlight
ZariiaGrint
Follow
Send a Message
Quizzes Created
-
Created Quiz Play Count
-
More By This Creator
Popular Quizzes Today
1
Find the US States - No Outlines Minefield
2
Find the Countries of Europe - No Outlines Minefield
3
The Countries of the World
4
Find the US States
5
US States
6
Risky Map Clicking: Biggest States A-Z
7
Popular People in 1961
8
Movies - When Are They Set?
More Television Quizzes
Voyager, TNG or Neither?
Curator's Pick
Trending Quizzes
Risky Map Clicking: Least Populous States A-Z
1-10 Letter G Words
1-10 Letter F Words
Risky Map Clicking: Next State Alphabetically
Risky Map Clicking: Biggest States A-Z
Recently Updated
Leaping Animals
pecheneg
Reality TV Shows (A-Z)
bhenderson79
Rickey Henderson's Hall of Fame Teammates
pecheneg
Champions League XIs: Arsenal
pecheneg
Quick Pick: Celebrities in WWE's Hall of Fame
aduchscher
A-Z Keypad Blitz II
pecheneg
Multiple Oscar Actors
pecheneg
Mystery Phrase Blitz: Oscar 'Best Actors'
pecheneg
F. Scott Fitzgerald Novels
LTH
Pick 3 Villains
ddd62291
Trending Topics
NBA
Marvel
Kpop
Harry Potter
Disney
Crossword
Anime
WWE
The Office
NFL
Country
Soccer
Pokémon
Song
Puzzle
Your Account Isn't Verified!
In order to create a playlist on Sporcle, you need to verify the email address you used during registration. Go to your
Sporcle Settings
to finish the process.
Report this User
Report this user for behavior that violates our
Community Guidelines
.
Details:
Send Report
Go to the Sporcle.com Mobile Site →
Comments